000 00412nam a2200157Ia 4500
008 221030s9999 xx 000 0 und d
041 _aEnglish
082 _a105.23
_bJai
100 _aA. C. Jain
245 0 _aModern College Chemistry - Organic
_cby A. C. Jain, P. L. Khanna
260 _bVishal Pub. House
_aNew Delhi
_c1974
300 _a399
650 _aChemistry
700 _aP. L. Khanna
942 _cBK
999 _c8208
_d8208